<?xml version="1.0" encoding="UTF-8"?><?xml-stylesheet type="text/xsl" href="static/style.xsl"?><OAI-PMH xmlns="http://www.openarchives.org/OAI/2.0/" xmlns:xsi="http://www.w3.org/2001/XMLSchema-instance" xsi:schemaLocation="http://www.openarchives.org/OAI/2.0/ http://www.openarchives.org/OAI/2.0/OAI-PMH.xsd"><responseDate>2026-06-29T02:40:52Z</responseDate><request verb="GetRecord" identifier="oai:docta.ucm.es:20.500.14352/36276" metadataPrefix="marc">https://docta.ucm.es/rest/oai/request</request><GetRecord><record><header><identifier>oai:docta.ucm.es:20.500.14352/36276</identifier><datestamp>2023-08-10T18:19:23Z</datestamp><setSpec>com_20.500.14352_1</setSpec><setSpec>col_20.500.14352_7</setSpec></header><metadata><record xmlns="http://www.loc.gov/MARC21/slim" xmlns:dcterms="http://purl.org/dc/terms/" xmlns:xsi="http://www.w3.org/2001/XMLSchema-instance" xmlns:doc="http://www.lyncode.com/xoai" xsi:schemaLocation="http://www.loc.gov/MARC21/slim http://www.loc.gov/standards/marcxml/schema/MARC21slim.xsd">
   <leader>00925njm 22002777a 4500</leader>
   <datafield ind2=" " ind1=" " tag="042">
      <subfield code="a">dc</subfield>
   </datafield>
   <datafield ind2=" " ind1=" " tag="720">
      <subfield code="a">Da Silva Veiga, Fabio</subfield>
      <subfield code="e">author</subfield>
   </datafield>
   <datafield ind2=" " ind1=" " tag="260">
      <subfield code="c">2014-04-09</subfield>
   </datafield>
   <datafield ind2=" " ind1=" " tag="520">
      <subfield code="a">The proposed objective in this work was to develop a search around the normative predictions that exposes the prohibitive conduct of directors in the exercise of management, and consequently, the disclosure rules regarding penalties for bad practice of corporate management. Such practices will be analyzed in the orbit of the Insolvency Law on systematic analysis with business rules, building upon the civil liability of directors on the link between the behavior required and the result of his failure in the insolvency proceedings.</subfield>
   </datafield>
   <datafield ind2=" " ind1=" " tag="520">
      <subfield code="a">O objetivo proposto nesta obra foi elaborar uma pesquisa em torno das previsões normativas que expõe as condutas proibitivas dos administradores no exercício do poder de administração, e consequentemente, a revelação normativa no que tange às sanções pela má prática da gestão societária. Tais práticas serão analisadas na órbita do Direito da Insolvência numa análise sistemática com as regras comercialistas, fundamentando-se a responsabilidade civil dos administradores na ligação entre o comportamento exigido e o resultado de sua inobservância no âmbito do processo de insolvência.</subfield>
   </datafield>
   <datafield ind1="8" ind2=" " tag="024">
      <subfield code="a">https://hdl.handle.net/20.500.14352/36276</subfield>
   </datafield>
   <datafield ind2="0" ind1="0" tag="245">
      <subfield code="a">The Liability of directors in the corporate insolvency</subfield>
   </datafield>
</record></metadata></record></GetRecord></OAI-PMH>